| 000 | 00678nam a2200205Ia 4500 | ||
|---|---|---|---|
| 003 | GCL | ||
| 005 | 20240530095532.0 | ||
| 008 | 140319s9999 xx 000 0 ara d | ||
| 020 | _a2127717977 | ||
| 040 |
_aGCL / _cGCL |
||
| 082 | 0 | 4 |
_a932.022 _bق/ح ت |
| 100 | 1 | _aحسن الابيارى | |
| 245 | 1 | 0 |
_aتاريخ واثار مصر فى عصر الرومان / _cحسن الابيارى |
| 260 |
_aالقاهرة : _bدار العلم ، _c2004 |
||
| 300 |
_a289 ص ؛ _c24 سم |
||
| 650 | 0 | 4 | _aمصر القديمة - تاريخ - العصر الرومانى |
| 650 | 0 | 4 | _aالاثار الرومانية فى مصر |
| 700 | 1 | _aحسين يوسف | |
| 942 |
_2ddc _cBK |
||
| 999 |
_c8156 _d8156 |
||